<?xml version="1.0" encoding="UTF-8"?>
<record
    xmlns:xsi="http://www.w3.org/2001/XMLSchema-instance"
    xsi:schemaLocation="http://www.loc.gov/MARC21/slim http://www.loc.gov/standards/marcxml/schema/MARC21slim.xsd"
    xmlns="http://www.loc.gov/MARC21/slim">

  <leader>03075nam a2200289 a 4500</leader>
  <controlfield tag="001">000035978</controlfield>
  <controlfield tag="005">20240319114520.0</controlfield>
  <controlfield tag="008">111121s2003    dr ac         001 0 spa d</controlfield>
  <datafield tag="020" ind1=" " ind2=" ">
    <subfield code="a">9993495905</subfield>
  </datafield>
  <datafield tag="040" ind1=" " ind2=" ">
    <subfield code="a">DO-SdBNP</subfield>
    <subfield code="b">spa</subfield>
    <subfield code="c">BNPHU</subfield>
  </datafield>
  <datafield tag="082" ind1=" " ind2=" ">
    <subfield code="a">780.9729</subfield>
    <subfield code="b">T355p</subfield>
  </datafield>
  <datafield tag="245" ind1="0" ind2="0">
    <subfield code="a">Textos sobre la pasi&#xF3;n danzaria de Dar&#xED;o Tejeda /</subfield>
    <subfield code="c">Dar&#xED;o Tejeda.</subfield>
  </datafield>
  <datafield tag="246" ind1="1" ind2="3">
    <subfield code="a">La pasi&#xF3;n danzaria</subfield>
  </datafield>
  <datafield tag="260" ind1=" " ind2=" ">
    <subfield code="a">Santo Domingo :</subfield>
    <subfield code="b">Academia de Ciencias de la Rep&#xFA;blica Dominicana,</subfield>
    <subfield code="c">2003.</subfield>
  </datafield>
  <datafield tag="300" ind1=" " ind2=" ">
    <subfield code="a">123 p. :</subfield>
    <subfield code="b">il., retrs. ;</subfield>
    <subfield code="c">23 cm.</subfield>
  </datafield>
  <datafield tag="490" ind1="1" ind2=" ">
    <subfield code="a">Publicaciones de la Academia de Ciencias de la Rep&#xFA;blica Dominicana</subfield>
  </datafield>
  <datafield tag="505" ind1="0" ind2=" ">
    <subfield code="g">Un libro y un premio:</subfield>
    <subfield code="t">La pasi&#xF3;n danzaria y la sociolog&#xED;a de la m&#xFA;sica en el merengue /</subfield>
    <subfield code="r">Mario Bonetti --</subfield>
    <subfield code="t">La pasi&#xF3;n danzaria un a&#xF1;o despu&#xE9;s /</subfield>
    <subfield code="t">Carta de la directora de M&#xFA;sica de Casa de las Am&#xE9;ricas, Mar&#xED;a Elena Vinueza --</subfield>
    <subfield code="t">Acta del Jurado del 8&#xBA; Premio de Musicolog&#xED;a Casa de las Am&#xE9;ricas 2001 --</subfield>
    <subfield code="g">Comentarios cr&#xED;ticos:</subfield>
    <subfield code="t">De repente qued&#xE9; cautivado /</subfield>
    <subfield code="r">Tony Raful --</subfield>
    <subfield code="t">La pasi&#xF3;n danzaria de Dar&#xED;o Tejeda: aportes claves al estudio de la m&#xFA;sica popular dominicana /</subfield>
    <subfield code="r">Jos&#xE9; G. Guerrero /</subfield>
    <subfield code="t">Un recorrido por el merengue y la bachata /</subfield>
    <subfield code="r">Cecilia Casamajor --</subfield>
    <subfield code="t">Merengue y bachata. Los vericuetos de una pasi&#xF3;n /</subfield>
    <subfield code="r">Jos&#xE9; Rafael Lantigua --</subfield>
    <subfield code="t">En nombre del merengue /</subfield>
    <subfield code="r">Rafael Garc&#xED;a Romero entrevista a Dar&#xED;o Tejeda --</subfield>
    <subfield code="t">La pasi&#xF3;n danzaria /</subfield>
    <subfield code="r">Pedro Antonio Valdez --</subfield>
    <subfield code="t">Descubriendo La pasi&#xF3;n danzaria de Dar&#xED;o Tejeda /</subfield>
    <subfield code="r">Danilo de los Santos --</subfield>
    <subfield code="t">Con pasi&#xF3;n /</subfield>
    <subfield code="r">Mercedes Ar&#xF3;stegui --</subfield>
    <subfield code="t">Una pasi&#xF3;n viene a pedir su mano /</subfield>
    <subfield code="r">Juan Otero Garab&#xED;s --</subfield>
    <subfield code="t">La pasi&#xF3;n danzaria: una lectura caribe&#xF1;a y multicultural /</subfield>
    <subfield code="r">Yoe F. Santos --</subfield>
    <subfield code="t">Ruta universal de La pasi&#xF3;n danzaria /</subfield>
    <subfield code="r">Antonio Reyes --</subfield>
    <subfield code="g">Rese&#xF1;as:</subfield>
    <subfield code="t">De viaje por el merengue y la bachata/</subfield>
    <subfield code="r">Francis Rodr&#xED;guez --</subfield>
    <subfield code="t">Academia de Ciencias presenta libro de m&#xFA;sica, del List&#xED;n Diario --</subfield>
    <subfield code="t">Libro revela el origen de la bachata /</subfield>
    <subfield code="r">Jos&#xE9; Rafael Sosa --</subfield>
    <subfield code="t">La pasi&#xF3;n danzaria de Dar&#xED;o Tejeda en una historia danzaria /</subfield>
    <subfield code="r">Luis Gonz&#xE1;lez Ruizs&#xE1;nchez --</subfield>
    <subfield code="t">La pasi&#xF3;n danzaria en Nueva York, Revista La voz comunitaria, N.Y, EE.UU. --</subfield>
    <subfield code="t">La pasi&#xF3;n danzaria: m&#xFA;sica y baile en el Caribe a trav&#xE9;s del merengue y la bachata, Revista Quisqueya Life, Nueva York, EE.UU. --</subfield>
    <subfield code="t">Dar&#xED;o Tejeda descubre el binomio de baile y m&#xFA;sica en el Caribe /</subfield>
    <subfield code="r">Firuzeh Shokooh Valle --</subfield>
    <subfield code="g">Entrevistas:</subfield>
    <subfield code="t">Aqu&#xED; hasta el dolor se baila /</subfield>
    <subfield code="r">C&#xE9;sar P&#xE9;rez --</subfield>
    <subfield code="t">La ruta de una pasi&#xF3;n danzaria /</subfield>
    <subfield code="r">Rafael Garc&#xED;a Romero --</subfield>
    <subfield code="t">La pasi&#xF3;n danzaria de Dar&#xED;o Tejeda /</subfield>
    <subfield code="r">Freddy Ginebra --</subfield>
    <subfield code="t">Una conversaci&#xF3;n en la catedral /</subfield>
    <subfield code="r">Jos&#xE9; Marmol.</subfield>
  </datafield>
  <datafield tag="590" ind1=" " ind2=" ">
    <subfield code="a">Inventariado, 2018/LP</subfield>
  </datafield>
  <datafield tag="600" ind1="1" ind2="0">
    <subfield code="a">Tejeda, Dar&#xED;o</subfield>
    <subfield code="9">2540</subfield>
  </datafield>
  <datafield tag="650" ind1=" " ind2="4">
    <subfield code="a">M&#xFA;sica popular dominicana</subfield>
    <subfield code="x">Historia</subfield>
    <subfield code="9">13134</subfield>
  </datafield>
  <datafield tag="650" ind1=" " ind2="4">
    <subfield code="a">M&#xFA;sica bailable caribe&#xF1;a</subfield>
    <subfield code="9">41531</subfield>
  </datafield>
  <datafield tag="650" ind1=" " ind2="4">
    <subfield code="a">Merengue (baile)</subfield>
    <subfield code="z">Caribe (Regi&#xF3;n{Rpara}</subfield>
    <subfield code="9">62008</subfield>
  </datafield>
  <datafield tag="650" ind1=" " ind2="4">
    <subfield code="a">Merengue (m&#xFA;sica)</subfield>
    <subfield code="z">Caribe (Regi&#xF3;n{Rpara}</subfield>
    <subfield code="9">16089</subfield>
  </datafield>
  <datafield tag="650" ind1=" " ind2="4">
    <subfield code="a">Bachata (m&#xFA;sica)</subfield>
    <subfield code="z">Caribe (Regi&#xF3;n{Rpara}</subfield>
    <subfield code="9">62009</subfield>
  </datafield>
  <datafield tag="830" ind1=" " ind2="0">
    <subfield code="a">Publicaciones de la Academia de Ciencias de la Rep&#xFA;blica Dominicana</subfield>
    <subfield code="9">19512</subfield>
  </datafield>
  <datafield tag="910" ind1=" " ind2=" ">
    <subfield code="a">Validado. Control de calidad EMS</subfield>
  </datafield>
  <datafield tag="952" ind1=" " ind2=" ">
    <subfield code="0">0</subfield>
    <subfield code="1">0</subfield>
    <subfield code="5">4</subfield>
    <subfield code="7">0</subfield>
    <subfield code="8">DS</subfield>
    <subfield code="a">GR</subfield>
    <subfield code="b">GR</subfield>
    <subfield code="c">HD</subfield>
    <subfield code="d">2012-10-01</subfield>
    <subfield code="i">LF1</subfield>
    <subfield code="l">0</subfield>
    <subfield code="o">780.9729 T355p</subfield>
    <subfield code="p">35978-30</subfield>
    <subfield code="r">2020-06-25</subfield>
    <subfield code="t">e. 3</subfield>
    <subfield code="w">2020-06-25</subfield>
    <subfield code="y">LFDS</subfield>
    <subfield code="Z">Pr&#xE9;stamo en sala</subfield>
  </datafield>
  <datafield tag="952" ind1=" " ind2=" ">
    <subfield code="0">0</subfield>
    <subfield code="1">0</subfield>
    <subfield code="7">1</subfield>
    <subfield code="8">PD</subfield>
    <subfield code="a">PD</subfield>
    <subfield code="b">PD</subfield>
    <subfield code="c">HD</subfield>
    <subfield code="d">2011-11-21</subfield>
    <subfield code="i">LF1</subfield>
    <subfield code="l">0</subfield>
    <subfield code="o">780.9729 T355p</subfield>
    <subfield code="p">35978-10</subfield>
    <subfield code="r">2020-06-25</subfield>
    <subfield code="w">2020-06-25</subfield>
    <subfield code="y">LFPD</subfield>
    <subfield code="Z">No se presta</subfield>
  </datafield>
  <datafield tag="952" ind1=" " ind2=" ">
    <subfield code="0">0</subfield>
    <subfield code="1">0</subfield>
    <subfield code="7">1</subfield>
    <subfield code="8">PD</subfield>
    <subfield code="a">PD</subfield>
    <subfield code="b">PD</subfield>
    <subfield code="c">HD</subfield>
    <subfield code="d">2011-12-07</subfield>
    <subfield code="i">LF1</subfield>
    <subfield code="l">0</subfield>
    <subfield code="o">780.9729 T355p</subfield>
    <subfield code="p">35978-20</subfield>
    <subfield code="r">2020-06-25</subfield>
    <subfield code="t">e. 2</subfield>
    <subfield code="w">2020-06-25</subfield>
    <subfield code="y">LFPD</subfield>
    <subfield code="Z">No se presta</subfield>
  </datafield>
  <datafield tag="952" ind1=" " ind2=" ">
    <subfield code="0">0</subfield>
    <subfield code="1">0</subfield>
    <subfield code="5">4</subfield>
    <subfield code="7">0</subfield>
    <subfield code="8">DS</subfield>
    <subfield code="a">PD</subfield>
    <subfield code="b">PD</subfield>
    <subfield code="c">HD</subfield>
    <subfield code="d">2014-02-11</subfield>
    <subfield code="i">LF1</subfield>
    <subfield code="l">0</subfield>
    <subfield code="o">780.9729 T355p</subfield>
    <subfield code="p">35978-40</subfield>
    <subfield code="r">2020-06-25</subfield>
    <subfield code="t">e. 4</subfield>
    <subfield code="w">2020-06-25</subfield>
    <subfield code="y">LFDS</subfield>
    <subfield code="Z">Pr&#xE9;stamo en sala</subfield>
  </datafield>
  <datafield tag="999" ind1=" " ind2=" ">
    <subfield code="c">35469</subfield>
    <subfield code="d">35469</subfield>
  </datafield>
</record>
